000
00406nam a22001817a 4500
003
MPLRDC
005
20220104124601.0
008
210129b ||||| |||| 00| 0 eng d
082
_a
859.6 HFT
100
_a
洪凡涛著
245
_a
少女天鹅
_c
250
_a
第一版
260
_a
_b
山边社
_c
1984
300
_b
平
490
_a
中华童话文库
650
_a
942
_c
BK
_o
859.6 HFT
999
_c
20499
_d
20489